| 000 | 02111nas a2200277Ia 4500 | ||
|---|---|---|---|
| 001 | L200-53886 | ||
| 003 | IT-CnALBA | ||
| 008 | 170116c99999999xx |||||||||||| ||und|| | ||
| 040 |
_aIT-CnALBA _cIT-CnALBA |
||
| 041 | _aITALIANO | ||
| 100 | _aARINZE FRANCIS, CARDINALE | ||
| 210 | _aRELIGIONI E SETTE NEL MONDO | ||
| 222 | _aRELIGIONI E SETTE NEL MONDO | ||
| 245 | 0 | _aRELIGIONI E SETTE NEL MONDO. GIUGNO 1997. CULTURA RELIGIOSA. REINCARNAZIONE E MESSAGGIO CRISTIANO. | |
| 250 | _a1a ed. | ||
| 260 |
_a BOLOGNA _bGRIS, GRUPPO RIC. INFORMAZ. SETTE _c1997 [1° Ed.:1997 - Ed.Ling.Originale: 1997] |
||
| 300 | _a224 p. | ||
| 310 | _aVARIA | ||
| 362 | _a (1997) | ||
| 500 | _aRISPOSTA CRISTIANA ALLA REINCARNAZIONE. REINCARNAZIONE E MESSAGGIO CRISTIANO. IL LIBRO TIBETANO DEI MORTI. COUTURE A. GESÙ GLI ESSENI E LA REINCARNAZIONE, TOOLAN D. ABBRACCIATI ALLA LUCE, NKEMNKIA NKAFU M. LA VISIONE TRADIZIONALE AFRICANA DELLA VITA. RAFFIN P. LA RISURREZIONE DEI CORPI FONDAMENTO DELL'IDENTITÀ CRISTIANA. AMBOSIO G. RISPOSTE PASTORALI DEL MAGISTERO EPISCOPALE. RIES J. SETTE E NUOVI MOVIMENTI RELIGIOSI DAVANTI ALLA COMMISSIONE PARLAMENTARE BELGA. FATTI E OPINIONI, SETTE E MOVIMENTI RELIGIOSI, SFIDA ALLA NUOVA EVANGELIZZAZIONE IN AFRICA. RECENSIONI, SEGNALAZIONI, SOMMARI IN INGLESE. | ||
| 501 | _aSocietà San Paolo EM - Piazza San Paolo, 14 - 12051 ALBA (CN) (non commercial uses only) ® Copyright 2017 | ||
| 520 | _aRISPOSTA CRISTIANA ALLA REINCARNAZIONE. REINCARNAZIONE E MESSAGGIO CRISTIANO. IL LIBRO TIBETANO DEI MORTI. COUTURE A. GESÙ GLI ESSENI E LA REINCARNAZIONE, TOOLAN D. ABBRACCIATI ALLA LUCE, NKEMNKIA NKAFU M. LA VISIONE TRADIZIONALE AFRICANA DELLA VITA. RAFFIN P. LA RISURREZIONE DEI CORPI FONDAMENTO DELL'IDENTITÀ CRISTIANA. AMBOSIO G. RISPOSTE PASTORALI DEL MAGISTERO EPISCOPALE. RIES J. SETTE E NUOVI MOVIMENTI RELIGIOSI DAVANTI ALLA COMMISSIONE PARLAMENTARE BELGA. FATTI E OPINIONI, SETTE E MOVIMENTI RELIGIOSI, SFIDA ALLA NUOVA EVANGELIZZAZIONE IN AFRICA. RECENSIONI, SEGNALAZIONI, SOMMARI IN INGLESE. | ||
| 650 | _aRELIGIONI NON CRISTIANE | ||
| 942 | _cCR | ||
| 957 | _71 | ||
| 999 |
_a71376 _bNO _g1 _c334376 _d334376 |
||